|
|
|
|
| LEADER |
01361nam a2200349 a 4500 |
| 001 |
EBC306229 |
| 003 |
MiAaPQ |
| 005 |
20200520144314.0 |
| 006 |
m o d | |
| 007 |
cr cn||||||||| |
| 008 |
081017s2007 enk sb 000 0 eng d |
| 020 |
|
|
|z 9781846634505
|
| 020 |
|
|
|z 9781846634512
|
| 035 |
|
|
|a (MiAaPQ)EBC306229
|
| 035 |
|
|
|a (Au-PeEL)EBL306229
|
| 035 |
|
|
|a (CaPaEBR)ebr10185523
|
| 035 |
|
|
|a (CaONFJC)MIL92902
|
| 035 |
|
|
|a (OCoLC)704434719
|
| 040 |
|
|
|a MiAaPQ
|c MiAaPQ
|d MiAaPQ
|
| 050 |
|
4 |
|a HD30.2
|b .M36 pt.1 2007
|
| 245 |
0 |
0 |
|a Management science
|h [electronic resource] :
|b current researches and developments. Pt. I /
|c editor, Brain H. Rudall.
|
| 260 |
|
|
|a [Bradford, England] :
|b Emerald,
|c 2007.
|
| 300 |
|
|
|a 561 p.
|
| 490 |
0 |
|
|a Kybernetes : the international journal of cybernetics, systems and management sciences,
|x 0368-492x ;
|v v. 36, no. 3/4
|
| 504 |
|
|
|a Includes bibliographical references.
|
| 533 |
|
|
|a Electronic reproduction. Ann Arbor, MI : ProQuest, 2015. Available via World Wide Web. Access may be limited to ProQuest affiliated libraries.
|
| 650 |
|
0 |
|a Management science.
|
| 650 |
|
0 |
|a Knowledge management.
|
| 655 |
|
4 |
|a Electronic books.
|
| 700 |
1 |
|
|a Rudall, B. H.
|q (Brian H.)
|
| 710 |
2 |
|
|a ProQuest (Firm)
|
| 856 |
4 |
0 |
|u https://ebookcentral.proquest.com/lib/matrademy/detail.action?docID=306229
|z Click to View
|